<?xml version="1.0" encoding="UTF-8"?>
<record
    xmlns:xsi="http://www.w3.org/2001/XMLSchema-instance"
    xsi:schemaLocation="http://www.loc.gov/MARC21/slim http://www.loc.gov/standards/marcxml/schema/MARC21slim.xsd"
    xmlns="http://www.loc.gov/MARC21/slim">

  <leader>01130nam a2200265 i 4500</leader>
  <controlfield tag="003">DO-SdBNP</controlfield>
  <controlfield tag="005">20240302073957.0</controlfield>
  <controlfield tag="006">a||||gr|||| 00| 0 </controlfield>
  <controlfield tag="007">ta</controlfield>
  <controlfield tag="008">230815e1995    dr ||||| |||| 00| 0 spa d</controlfield>
  <datafield tag="040" ind1=" " ind2=" ">
    <subfield code="a">DO-SdBNP</subfield>
    <subfield code="b">spa</subfield>
    <subfield code="c">BNPHU</subfield>
    <subfield code="e">rda</subfield>
  </datafield>
  <datafield tag="082" ind1=" " ind2="4">
    <subfield code="2">22</subfield>
    <subfield code="b">V145v</subfield>
  </datafield>
  <datafield tag="100" ind1="1" ind2=" ">
    <subfield code="a">Valdez, Di&#xF3;genes,</subfield>
    <subfield code="d">1941-2014</subfield>
    <subfield code="9">14890</subfield>
    <subfield code="e">autor</subfield>
  </datafield>
  <datafield tag="245" ind1=" " ind2=" ">
    <subfield code="a">XXIII feria nacional del libro:</subfield>
    <subfield code="b">Jos&#xE9; Mart&#xED;-M&#xE1;ximo G&#xF3;mez: centenario del manifiesto de Monte Cristi (1895 - 1995). M&#xE1;ximo G&#xF3;mez y Jos&#xE9; Marti: antes y despues del manifiesto de Monte Cristi. /</subfield>
    <subfield code="c">Di&#xF3;genes Valdez</subfield>
  </datafield>
  <datafield tag="264" ind1=" " ind2="1">
    <subfield code="a">Santo Domingo :</subfield>
    <subfield code="b">Comisi&#xF3;n Organizadora Permanente de la Feria Nacional del Libro,</subfield>
    <subfield code="c">1995</subfield>
  </datafield>
  <datafield tag="300" ind1=" " ind2=" ">
    <subfield code="a">21 p&#xE1;ginas ;</subfield>
    <subfield code="c">19 cm.</subfield>
  </datafield>
  <datafield tag="336" ind1=" " ind2=" ">
    <subfield code="2">rdacontent</subfield>
    <subfield code="a">texto</subfield>
    <subfield code="b">txt</subfield>
  </datafield>
  <datafield tag="337" ind1=" " ind2=" ">
    <subfield code="2">rdamedia</subfield>
    <subfield code="a">sin mediaci&#xF3;n</subfield>
    <subfield code="b">n</subfield>
  </datafield>
  <datafield tag="338" ind1=" " ind2=" ">
    <subfield code="2">rdacarrier</subfield>
    <subfield code="a">volumen</subfield>
    <subfield code="b">nc</subfield>
  </datafield>
  <datafield tag="590" ind1=" " ind2=" ">
    <subfield code="a">inventariado 2023 / MF</subfield>
  </datafield>
  <datafield tag="600" ind1=" " ind2="4">
    <subfield code="a">MARTI, JOSE,</subfield>
    <subfield code="d">1853-1895.</subfield>
    <subfield code="x">Biograf&#xED;a</subfield>
    <subfield code="9">19222</subfield>
  </datafield>
  <datafield tag="600" ind1="1" ind2="0">
    <subfield code="a">G&#xF3;mez, M&#xE1;ximo,</subfield>
    <subfield code="d">1836-1905</subfield>
    <subfield code="x">Biograf&#xED;a</subfield>
    <subfield code="9">12249</subfield>
  </datafield>
  <datafield tag="710" ind1="1" ind2=" ">
    <subfield code="a">Rep&#xFA;blica Dominicana.</subfield>
    <subfield code="b">Comisi&#xF3;n Organizadora Permanente de la Feria Nacional del Libro</subfield>
    <subfield code="9">82982</subfield>
  </datafield>
  <datafield tag="942" ind1=" " ind2=" ">
    <subfield code="2">ddc</subfield>
    <subfield code="c">LF2</subfield>
  </datafield>
  <datafield tag="952" ind1=" " ind2=" ">
    <subfield code="0">0</subfield>
    <subfield code="1">0</subfield>
    <subfield code="2">ddc</subfield>
    <subfield code="5">1</subfield>
    <subfield code="7">0</subfield>
    <subfield code="8">DS-F</subfield>
    <subfield code="a">BNPHU</subfield>
    <subfield code="b">BNPHU</subfield>
    <subfield code="c">CT</subfield>
    <subfield code="d">2019-04-04</subfield>
    <subfield code="e">Donado por Martiza P&#xE9;rez G.</subfield>
    <subfield code="l">0</subfield>
    <subfield code="o">V145v</subfield>
    <subfield code="p">2023-5370</subfield>
    <subfield code="r">2023-08-15</subfield>
    <subfield code="w">2023-08-15</subfield>
    <subfield code="y">LF2</subfield>
  </datafield>
  <datafield tag="999" ind1=" " ind2=" ">
    <subfield code="c">54429</subfield>
    <subfield code="d">54429</subfield>
  </datafield>
</record>
